[Event "Helsinki We HSK 08 op"]
[Site "Helsinki"]
[Date "2007.??.??"]
[Round "3"]
[White "Kiviaho, Allan"]
[Black "Rauramaa, Kari"]
[Result "0-1"]
[WhiteElo "2215"]
[BlackElo "2209"]
[PlyCount "92"]
[EventDate "2007.08.??"]
[EventType "swiss"]
[EventRounds "5"]
[EventCountry "FIN"]
[SourceTitle "EXT 2010"]
[Source "ChessBase"]
[SourceDate "2010.11.25"]
[SourceVersion "1"]
[SourceVersionDate "2010.11.25"]
[SourceQuality "1"]

1. d4 Nf6 2. c4 c5 3. d5 b5 4. Nf3 g6 5. a4 bxc4 6. Nc3 Bg7 7. e4 d6 8. Bxc4 0-0 9. 0-0 Ba6 10. Bb5 Qb6 11. Nd2 Bxb5 12. axb5 Nfd7 13. Nc4 Qc7 14. Bg5 Re8 15. f4 Nb6 16. Na5 a6 17. Qe2 c4 18. bxa6 Rxa6 19. Kh1 e6 20. dxe6 Rxe6 21. Qd2 N8d7 22. Nd5 Nxd5 23. exd5 Re4 24. Nc6 Rxa1 25. Rxa1 h6 26. Qc2 Nc5 27. Bd8 Qb7 28. Rb1 Qxb2 29. Qxe4 Nxe4 30. Rxb2 Bxb2 31. Nb4 Bd4 32. g3 Bc5 33. Nc2 Nc3 34. Kg2 Nxd5 35. Kf3 Kf8 36. Ba5 f5 37. h3 h5 38. g4 hxg4+ 39. hxg4 Kf7 40. Be1 fxg4+ 41. Kxg4 Ne3+ 42. Nxe3 Bxe3 43. Kf3 Bc1 44. Ke4 Ke6 45. Bc3 d5+ 46. Kf3 Kf5 0-1

[Event "Helsinki We HSK 08 op"]
[Site "Helsinki"]
[Date "2007.??.??"]
[Round "5"]
[White "Sofiev, Alexey"]
[Black "Rauramaa, Kari"]
[Result "1-0"]
[WhiteElo "2150"]
[BlackElo "2209"]
[PlyCount "111"]
[EventDate "2007.08.??"]
[EventType "swiss"]
[EventRounds "5"]
[EventCountry "FIN"]
[SourceTitle "EXT 2010"]
[Source "ChessBase"]
[SourceDate "2010.11.25"]
[SourceVersion "1"]
[SourceVersionDate "2010.11.25"]
[SourceQuality "1"]

1. a3 d5 2. e3 g6 3. d4 Bg7 4. f4 c5 5. c3 Nc6 6. Nf3 Bg4 7. Bb5 h5 8. 0-0 Nh6 9. Nbd2 0-0 10. Nb3 cxd4 11. exd4 Na5 12. Nc5 b6 13. Nd3 a6 14. Ba4 b5 15. Bc2 Nc4 16. h3 Bxf3 17. Qxf3 e6 18. Ne5 Qe8 19. Ra2 f5 20. Qe2 Nd6 21. a4 Kh7 22. g4 Ne4 23. Bxe4 fxe4 24. gxh5 gxh5 25. axb5 Nf5 26. Kh2 Qxb5 27. Qxh5+ Kg8 28. Rg1 Qb3 29. Ra1 a5 30. Qg6 Rae8 31. Rxa5 Qc2+ 32. Kh1 Re7 33. Nc6 Ref7 34. Ne5 Rf6 35. Qg4 Kh7 36. Nd7 e3 37. Nxf8+ Rxf8 38. Ra7 Qe4+ 39. Rg2 Rg8 40. Qg6+ Kh8 41. Bxe3 Nxe3 42. Qh5+ Qh7 43. Qxh7+ Kxh7 44. Re2 Nf5 45. Rxe6 Kh8 46. Rf7 Ng3+ 47. Kg2 Ne4 48. Rg6 Kh7 49. f5 Kh8 50. Kf3 Bf8 51. Rd7 Nd2+ 52. Kf4 Nc4 53. b4 Rxg6 54. fxg6 Bh6+ 55. Kf5 Bd2 56. Kf6 1-0

[Event "Vantaa We EtVaS"]
[Site "Vantaa"]
[Date "2006.05.06"]
[Round "1"]
[White "Tuovinen, Jukka"]
[Black "Rauramaa, Kari"]
[Result "0-1"]
[WhiteElo "2093"]
[BlackElo "2214"]
[PlyCount "88"]
[EventDate "2006.05.06"]
[EventType "swiss"]
[EventRounds "5"]
[EventCountry "FIN"]
[SourceTitle "EXT 2022"]
[Source "ChessBase"]
[SourceDate "2021.10.06"]
[SourceVersion "1"]
[SourceVersionDate "2021.10.06"]
[SourceQuality "1"]

1. e4 c5 2. Nf3 d6 3. Bb5+ Bd7 4. a4 g6 5. 0-0 Bg7 6. c3 Nf6 7. Re1 0-0 8. Bxd7 Qxd7 9. d4 cxd4 10. cxd4 Nc6 11. Nc3 Rac8 12. a5 Nb4 13. Ra4 Nd3 14. Qxd3 Rxc3 15. Qxc3 Qxa4 16. Qc7 d5 17. exd5 Nxd5 18. Qxb7 Qxa5 19. Bd2 Qa2 20. Ne5 e6 21. Nc6 a6 22. h3 Qa4 23. b3 Qa2 24. Be3 h6 25. b4 Kh7 26. b5 Nxe3 27. fxe3 Qd2 28. Rf1 Qxe3+ 29. Kh1 axb5 30. Qxb5 Bxd4 31. Qb7 Kg8 32. Qd7 Qe2 33. Rb1 Bf6 34. Qb7 Kg7 35. Qb3 Rc8 36. Qb7 Qc2 37. Qxc8 Qxb1+ 38. Kh2 Qc1 39. Qc7 Bd4 40. h4 h5 41. Qd6 Bg1+ 42. Kh3 Qc3+ 43. g3 Qf3 44. Qe5+ Kh7 0-1